Tirgem Avraham : (Record no. 33980)

MARC details
000 -LEADER
fixed length control field 00897cam a22002411 4500
001 - CONTROL NUMBER
control field he 68003788
003 - CONTROL NUMBER IDENTIFIER
control field DLC
005 - DATE AND TIME OF LATEST TRANSACTION
control field 20260227111506.0
008 - FIXED-LENGTH DATA ELEMENTS--GENERAL INFORMATION
fixed length control field 821222s1966 is 000 0 heb
010 ## - LIBRARY OF CONGRESS CONTROL NUMBER
LC control number he 68003788
035 ## - SYSTEM CONTROL NUMBER
System control number (OCoLC)19160131
040 ## - CATALOGING SOURCE
Original cataloging agency DLC
Transcribing agency MH
Modifying agency DLC
042 ## - AUTHENTICATION CODE
Authentication code premarc
050 00 - LIBRARY OF CONGRESS CALL NUMBER
Classification number BS1225
Item number .A26825 1966
100 0# - MAIN ENTRY--PERSONAL NAME
Personal name Abraham ben Elijah,
Titles and words associated with a name of Vilna,
Dates associated with a name approximately 1750-1808.
245 10 - TITLE STATEMENT
Title Tirgem Avraham :
Remainder of title ʻal Targum Onḳelos. Ḳunṭres Shesh moshzar :
-- ʻal ezeh targumim /
Statement of responsibility, etc. me-et Shelomoh Zalman ben Yitsḥaḳ me-Ṿilna.
260 ## - PUBLICATION, DISTRIBUTION, ETC.
Place of publication, distribution, etc. Jerusalem :
Name of publisher, distributor, etc. Y.A. Landa,
Date of publication, distribution, etc. [1966?]
300 ## - PHYSICAL DESCRIPTION
Extent 25 leaves ;
Dimensions 23 cm.
500 ## - GENERAL NOTE
General note Photo-offset of Jerusalem, 1895 or 1896 ed.
630 00 - SUBJECT ADDED ENTRY--UNIFORM TITLE
Uniform title Bible.
Name of part/section of a work Pentateuch.
Language of a work Aramaic.
Version Onḳelos
General subdivision Commentaries.
700 0# - ADDED ENTRY--PERSONAL NAME
Personal name Solomon Zalman ben Isaac,
Titles and other words associated with a name of Volozhin,
Dates associated with a name 1756-1788.
Title of a work Shesh moshzar.
752 ## - ADDED ENTRY--HIERARCHICAL PLACE NAME
Country or larger entity Israel
City Jerusalem

No items available.

Powered by Koha